<?xml version="1.0" encoding="UTF-8"?>
<record
    xmlns:xsi="http://www.w3.org/2001/XMLSchema-instance"
    xsi:schemaLocation="http://www.loc.gov/MARC21/slim http://www.loc.gov/standards/marcxml/schema/MARC21slim.xsd"
    xmlns="http://www.loc.gov/MARC21/slim">

  <leader>00574nam a22001817a 4500</leader>
  <controlfield tag="005">20211214120305.0</controlfield>
  <controlfield tag="008">211214b          fr ||||| |||| 00| 0 fre d</controlfield>
  <datafield tag="050" ind1="0" ind2="4">
    <subfield code="a">DC146.R6 </subfield>
    <subfield code="b">R38 1960</subfield>
  </datafield>
  <datafield tag="100" ind1=" " ind2=" ">
    <subfield code="a">Ratinaud, Jean, </subfield>
    <subfield code="e">1913-</subfield>
  </datafield>
  <datafield tag="245" ind1=" " ind2=" ">
    <subfield code="a">Robespierre /  </subfield>
    <subfield code="c">Jean Ratinaud </subfield>
  </datafield>
  <datafield tag="250" ind1=" " ind2=" ">
    <subfield code="a">1a edici&#xF3;n 	 </subfield>
  </datafield>
  <datafield tag="260" ind1=" " ind2=" ">
    <subfield code="a">Paris : </subfield>
    <subfield code="b">&#xC9;ditions du Seuil, </subfield>
    <subfield code="c">1960.	</subfield>
  </datafield>
  <datafield tag="300" ind1=" " ind2=" ">
    <subfield code="a">179 p. ; </subfield>
    <subfield code="b">il., </subfield>
    <subfield code="c">18 cm.</subfield>
  </datafield>
  <datafield tag="440" ind1=" " ind2=" ">
    <subfield code="a">Temps qui court ; </subfield>
    <subfield code="n"> No. 21.	</subfield>
  </datafield>
  <datafield tag="600" ind1=" " ind2=" ">
    <subfield code="a">Robespierre, Maximilien, </subfield>
    <subfield code="d">(1758-1794.)</subfield>
  </datafield>
  <datafield tag="650" ind1=" " ind2=" ">
    <subfield code="a">Revolucionarios</subfield>
    <subfield code="x">Biograf&#xED;a. </subfield>
    <subfield code="z">Francia</subfield>
  </datafield>
  <datafield tag="942" ind1=" " ind2=" ">
    <subfield code="2">lcc</subfield>
    <subfield code="c">LIB</subfield>
  </datafield>
  <datafield tag="999" ind1=" " ind2=" ">
    <subfield code="c">159544</subfield>
    <subfield code="d">159542</subfield>
  </datafield>
  <datafield tag="952" ind1=" " ind2=" ">
    <subfield code="1">0</subfield>
    <subfield code="2">lcc</subfield>
    <subfield code="4">0</subfield>
    <subfield code="7">1</subfield>
    <subfield code="a">LIC-020</subfield>
    <subfield code="b">LIC-020</subfield>
    <subfield code="c">FLV</subfield>
    <subfield code="d">2021-12-14</subfield>
    <subfield code="f">1a ed.</subfield>
    <subfield code="k">EH</subfield>
    <subfield code="l">0</subfield>
    <subfield code="o">DC146.R6 R38 1960</subfield>
    <subfield code="p">BFF000036437</subfield>
    <subfield code="r">2021-12-14 00:00:00</subfield>
    <subfield code="t">C.1</subfield>
    <subfield code="v">1.00</subfield>
    <subfield code="y">LIB</subfield>
  </datafield>
</record>
